000
00297nam a2200109Ia 4500
005
20251222143226.0
008
251222s9999||||xx |||||||||||||| ||spa||
082
_a
869.56/R68H
245
0
_a
Homenaje a Riva-Agüero en el X Aniversario de su Muerte
264
_b
Instituto Riva-Agüero
942
_c
LIB
999
_c
14012
_d
14012